| 000 | 00465nam a2200169Ia 4500 | ||
|---|---|---|---|
| 003 | LK-CoDNM | ||
| 008 | 010623t1997 xxu||||| |||| 00| 1 sin d | ||
| 040 |
_aLK-CoDNM _dLK-CoDNM _eLK-CoDNM |
||
| 041 | _asin | ||
| 080 | _ax 903.7 SEN | ||
| 100 | _aSenasingha,Thilak | ||
| 245 | _aසමන් දෙවියන්ගෙ අඩවිය | ||
| 246 | _aSaman Deviyange Adaviya | ||
| 260 |
_bUdaya Printers _aGanemulla _c1997 |
||
| 300 | _b75p, 21 cm | ||
| 942 | _cBK | ||
| 999 |
_c118520 _d118520 |
||